Name Dropping #14: Podcasters - Statistics

General Stats
  • This quiz has been taken 30 times
  • The average score is 11 of 24
Answer Stats
Hint Extra Hint Answer % Correct
Tucker The Tucker _____ Show Carlson
85%
Trevor What Now? with Trevor Noah Noah
85%
Joe The Joe _____ Experience Rogan
85%
Ben The Ben _____ Show Shapiro
85%
Candace Candace Owens
75%
Haliey Talk Tuah with Hailey _____ Welch
65%
Theo This Past Weekend w/ Theo _____ Von
60%
Megyn The Megyn _____ Show Kelly
55%
Jason SmartLess Bateman
50%
Alex Call Her Daddy Cooper
50%
Michael The Daily Barbaro
35%
Steve The Diary of a CEO with Steven _____ Bartlett
35%
Patrick PBD Podcast Bet-David
35%
Tony Kill Tony Hinchcliffe
35%
Andrew Andrew _____’s Flagrant with Akaash Singh Schulz
35%
Dan The Dan _____ Show Bongino
25%
Lex Lex _____ Podcast Fridman
25%
Mel The Mel _____ Podcast Robbins
25%
Stephanie Rotten Mango Soo
25%
Shayne Smosh Reads Reddit Stories Top
25%
Shawn The Shawn _____ Show Ryan
20%
Andrew Bad Friends Santino
20%
Leila Up First from NPR Fadel
15%
Andrew The _____ Lab Huberman
10%
No matching quizzes found
Score Distribution
Percent of People with Each Score
Percentile by Number Answered
Your Score History
You have not taken this quiz